Capitales européennes - choix multiples - Statistiques

Statistiques générales
  • Ce quiz a été pris 129 fois
  • Le résultat moyen est 14 sur 15
Statistiques - réponses
Question Réponse % Correct
France Paris
99%
Allemagne Berlin
98%
Italie Rome
98%
Grèce Athènes
97%
Belgique Bruxelles
97%
Ukraine Kiev
97%
Royaume uni Londres
97%
Pays bas Amsterdam
96%
Suisse Berne
96%
Danemark Copenhague
96%
Portugal Lisbonne
96%
Espagne Madrid
95%
Finlande Helsinki
90%
Suède Stockholm
89%
Norvège Oslo
85%
Aucun quiz correspondant
Distribution des résultats
% des personnes avec chaque résultat
Percentile par nombre de réponses
Votre historique - résultats
Vous n’avez pas pris ce quiz